| 000 | 02227nam0a2200397 i 4500 | ||
|---|---|---|---|
| 001 | RU\NLR\bibl\1952996 | ||
| 005 | 20240921144342.0 | ||
| 010 |
_a9785949201404 _9200 |
||
| 021 |
_aRU _b2012-69850 _95132 |
||
| 035 | _a(NLR Aleph) 001942113 | ||
| 090 |
_a3579801 _c3579801 |
||
| 100 | _a20121009d2012 u y0rusy50 ca | ||
| 101 | 0 | _arus | |
| 102 | _aRU | ||
| 105 | _aa ||||||||| | ||
| 200 | 1 |
_aФизико-химическое воздействие при подготовке нефти, газа и воды в промысловых условиях _fВ.В. Шайдаков, О.Ю. Полетаева, К.В. Чернова, Н.М. Картич |
|
| 210 |
_aУфа _cМонография _d2012 |
||
| 215 |
_a162 с. _cил. _d21 |
||
| 225 | 1 | _aИнновационные технологии при добыче нефти и газа | |
| 313 | _aвода как компонент нефтяных эмульсий | ||
| 320 | _aБиблиогр.: с. 148-161 (200 назв.) | ||
| 606 | 1 |
_aНефть _jУчебные издания для высших учебных заведений _xДобыча _xФизико-химические основы _91728989 _3RU\NLR\auth\66772484 |
|
| 606 | 1 |
_aЕстественные газы _jУчебные издания для высших учебных заведений _xПодготовка промысловая _92249759 _3RU\NLR\auth\661349512 |
|
| 606 | 1 |
_aНефть _jУчебные издания для высших учебных заведений _xПодготовка промысловая _92204206 _3RU\NLR\auth\661324382 |
|
| 686 | _aИ361.082я73-1 | ||
| 686 | _aИ362.082я73-1 | ||
| 701 | 1 |
_aШайдаков _bВ. В. _gВладимир Владимирович _4070 |
|
| 701 | 1 |
_aПолетаева _bО. Ю. _gОльга Юрьевна _4070 |
|
| 701 | 1 |
_4070 _7ca _8rus _aЧернова _bК. В. _cканд. техн. наук _gКатерина Владимировна _9207540 _3RU\NLR\AUTH\770207593 |
|
| 701 | 1 |
_aКатрич _bН. М. _gНиколай Михайлович _4070 |
|
| 801 | 0 |
_aRU _bNLR _c20121009 _gRCR |
|
| 801 | 1 |
_aRU _bNLR _c20121009 |
|
| 942 | _cBOOK | ||
| 980 | _aNBR | ||